| 000 | 00859nam a2200241 a 4500 | ||
|---|---|---|---|
| 001 | 000027341 | ||
| 005 | 20240501135122.0 | ||
| 008 | 110331s1999 dr a 000 0 spa d | ||
| 040 |
_aDO-SdBNP _bspa _cBNPHU |
||
| 082 |
_a302.2242 _bJ61u, 1999 |
||
| 100 | 1 |
_aJiménez S., M Arturo _950041 |
|
| 245 | 1 | 0 |
_aUna guía de redacción para la comunicación popular / _cM. Arturo Jiménez S. , Agustín Navarro P. |
| 250 | _a2ª ed. | ||
| 260 |
_aSanto Domingo : _bSecretaría de Estado de Educación, _c1999. |
||
| 300 |
_a99 p. : _bil. ; _c21 cm. |
||
| 504 | _aBibliografía p : 97-98 | ||
| 590 | _aInventariado, 2018/BT | ||
| 650 | 4 |
_aComunicación _xAspectos sociales _xGuías _954419 |
|
| 650 | 0 |
_aCultura popular _912597 |
|
| 650 | 4 |
_aArte de escribir _xManuales _919637 |
|
| 700 | 1 |
_aNavarro P. Agustín _950042 |
|
| 910 | _aValidado. Control de calidad. EMS | ||
| 999 |
_c26833 _d26833 |
||